| 000 -LEADER |
| fixed length control field |
00763nam a22002057a 4500 |
| 003 - CONTROL NUMBER IDENTIFIER |
| control field |
Ge_BSU |
| 005 - DATE AND TIME OF LATEST TRANSACTION |
| control field |
20260302153204.0 |
| 008 - FIXED-LENGTH DATA ELEMENTS--GENERAL INFORMATION |
| fixed length control field |
260302s2002 enk||||| |||| 00| 0 eng d |
| 020 ## - INTERNATIONAL STANDARD BOOK NUMBER |
| International Standard Book Number |
9780815706298x |
| 041 ## - LANGUAGE CODE |
| Language code of text/sound track or separate title |
eng |
| 080 ## - UNIVERSAL DECIMAL CLASSIFICATION NUMBER |
| Universal Decimal Classification number |
327(520 : 73): 339.9(520.73) US-88 |
| 245 ## - TITLE STATEMENT |
| Title |
U.S.-Japan relations in a changing world / |
| Statement of responsibility, etc. |
Edited Steven K. Vogel. |
| 264 ## - PRODUCTION, PUBLICATION, DISTRIBUTION, MANUFACTURE, AND COPYRIGHT NOTICE |
| Place of production, publication, distribution, manufacture |
Washington : |
| Name of producer, publisher, distributor, manufacturer |
Brookings instit. press, |
| Date of production, publication, distribution, manufacture, or copyright notice |
2002. |
| 300 ## - PHYSICAL DESCRIPTION |
| Extent |
286 p. ; |
| Other physical details |
23 cm. |
| 504 ## - BIBLIOGRAPHY, ETC. NOTE |
| Bibliography, etc. note |
Bibliogr.: p. 271-272 |
| 653 ## - INDEX TERM--UNCONTROLLED |
| keyword |
იაპონია-აშშ-ს ურთიერთობები. |
| 653 ## - INDEX TERM--UNCONTROLLED |
| keyword |
აშშ-იაპონიის ურთიერთობები. |
| 700 ## - ADDED ENTRY--PERSONAL NAME |
| Personal name |
Vogel, Steven K. |
| Relator term |
რედაქტორი |
| 9 (RLIN) |
26989 |
| 942 ## - ADDED ENTRY ELEMENTS (KOHA) |
| Source of classification or shelving scheme |
|
| Koha item type |
წიგნი |